000 005350000a22001810004500
003 MACL
005 20160305124721.0
008 160305b xxu||||| |||| 00| 0 eng d
040 _aMACL
_cMACL
041 _aHindi
082 _a891.432
100 _aकुलदीप नारायण सिंह
_942979
245 _aरचनात्‍मक
260 _bसाहित्‍य भवन लिमिटेड
_c1963
_aइलाहाबाद
350 _a4
650 _aLiteracture
_942980
942 _cHIN
_k800
_2ddc
999 _c26847
_d26847